000 00640nam a2200205Ii 4500
003 JO-AjNU
008 230605s9999||||xx |||||||||||||| ||und||
017 _a2004/3/660
040 _aJO-AjNU
_bara
_erda
_cJO-AjNU
041 _aara
050 1 4 _aBP166.4.F3664 2004
100 3 _aالفقير، نوح,
_eauthor
_956451
245 0 0 _aالرسل النبيون في الكتاب المكنون
264 3 1 _aعمان: المؤلف، 2004
300 _a101ص
336 _atext
_btxt
_2rdacontent
337 _aunmediated
_bn
_2rdamedia
338 _avolume
_bnc
_2rdacarrier
650 4 _aقصص الانبياء في القرآن
_956452
999 _aA25238
_c28806
_d28806